Справочник электротехника: в 2 т.

Библиографические подробности
Другие авторы: Смирнов А. Д. Александр Дмитриевич (редактор)
Язык:русский
Опубликовано: Москва, Госэнергоиздат, 1962-
Формат: MixedMaterials Книга
Запись в KOHA:https://koha.lib.tpu.ru/cgi-bin/koha/opac-detail.pl?biblionumber=102514

MARC

LEADER 00000nam1a2200000 4500
001 102514
005 20231031113028.0
035 |a (RuTPU)RU\TPU\book\110536 
035 |a RU\TPU\book\90626 
090 |a 102514 
100 |a 20060927d1962 k y0rusy50 ca 
101 0 |a rus 
102 |a RU 
200 1 |a Справочник электротехника  |e в 2 т.  |f под ред. А. Д. Смирнова 
210 |a Москва  |c Госэнергоиздат  |d 1962-  |a Ленинград 
702 1 |a Смирнов  |b А. Д.  |g Александр Дмитриевич  |4 340 
801 1 |a RU  |b 63413507  |c 20051027  |g PSBO 
801 2 |a RU  |b 63413507  |c 20060927  |g PSBO 
942 |c BK